Motívom podnikania je dosiahnutie zisku

Charakteristika podnikania - sústavná činnosť vykonávaná podnikateľom samostatne vo vlastnom mene a na vlastnú zodpovednosť za účelom dosiahnutia zisku. Je to sústavná, nie jednorazová činnosť. Štyri skupiny podnikateľov. Motívom podnikania je dosiahnutie zisku. Údaj o poštovej schránke, tzv. P.O. B...

Ausführliche Beschreibung

Gespeichert in:
Bibliographische Detailangaben
1. Verfasser: Stanislavský, Gabriel
Format: Buchkapitel
Sprache:Slowakisch
Schlagworte:
Tags: Tag hinzufügen
Keine Tags, Fügen Sie das erste Tag hinzu!

MARC

LEADER 00000naa a2200000 4500
001 r040332
005 20230921110243.9
041 0 |a slo 
044 |a SK 
245 1 0 |a Motívom podnikania je dosiahnutie zisku  |c Gabriel Stanislavský 
520 |a Charakteristika podnikania - sústavná činnosť vykonávaná podnikateľom samostatne vo vlastnom mene a na vlastnú zodpovednosť za účelom dosiahnutia zisku. Je to sústavná, nie jednorazová činnosť. Štyri skupiny podnikateľov. Motívom podnikania je dosiahnutie zisku. Údaj o poštovej schránke, tzv. P.O. Box, nemožno považovať za sídlo alebo miesto podnikania. 
610 2 0 |a podnikanie 
610 2 0 |a motivácia 
610 2 0 |a zisk 
610 2 0 |a podnikatelia 
610 2 0 |a osoby fyzické 
610 2 0 |a osoby právnické 
610 2 0 |a zodpovednosť osobná 
610 2 0 |a právo obchodné 
610 2 0 |a zákony 
100 1 |a Stanislavský, Gabriel